000 00635nam a22002051i 4500
001 000030715
003 RuMoIPM
005 20260602124524.0
008 130415s1951----ur | c rus
040 _aRuMoIPM
_brus
_ercr
041 0 _arus
044 _aru
080 _a511.176
100 1 _aВоробьев, Николай Николаевич
245 1 _aЧисла Фибоначчи
_cН. Н. Воробьев
260 _aМосква
_aЛенинград
_bГостехиздат
_c1951
300 _a48 с.
_bчерт.
490 0 _aПопулярные лекции по математике
_vВып. 6
942 _cBR
999 _c30715
_d30715